01240nam a2200253 a 450000100100000000500170001000800410002704000250006808200200009310000270011324500770014026000390021730000270025659000760028359000260035965000280038565000310041370000400044491000370048495201910052195201240071295201330083699900170096900002769820240412074253.0110404s1987 dr a 000 p spa d aDO-SdBNPbspacBNPHU aRD861.44bV468t1 aVentura, Miriam93794010aTrópico acerca del otoño /cMiriam Ventura ; prólogo León David. a[Santo Domingo] :bHuellas,c1987. a67 p. :bil. ;c20 cm. aPerteneció a la biblioteca personal de Juan Isidro Jimenes Grullón. aInventariado, 2019/LP 0aPoesía dominicana966 0aLiteratura dominicana.96712aLeón Davidd1945-epról.984930 aValidado. Control de calidad MFF 0010718PDaPDbPDcHDd2011-04-04iLF1l0oRD861.44 V468tp27698-10r2020-06-25w2020-06-25yLFPDzPerteenció a la biblioteca personal de Aída Cartagena Portalatín.ZNo se presta 0010718PDaPDbPDcHDd2011-04-04iLF1l0oRD861.44 V468tp27698-20r2020-06-25te. 2w2020-06-25yLFPDZNo se presta 001052708DSaPDbPDcHDd2013-08-13iLF1l0oRD861.44 V468tp27698-30r2020-06-25te. 3w2020-06-25yLFDSZPréstamo interno c27190d27190